000 00338nam a2200133Ia 4500
005 20260326235505.0
008 260326s9999||||xx |||||||||||||| ||und||
100 _aCargill Thompson, Jessica
245 0 _a40 Architects under 40 /
_cJessica Cargill Thompson
260 _bTaschen
300 _a599 p.
650 _aARQUITECTOS
942 _cBK
999 _c8151
_d8151